书目信息 |
| 题名: |
调查研究手册
|
|
| 作者: | 阿尔瑞克 , 塞特尔 著 ;王彦 译 | |
| 分册: | ||
| 出版信息: | 北京 中国轻工业出版社 2008 |
|
| 页数: | 309页 | |
| 开本: | 23cm | |
| 丛书名: | ||
| 单 册: | ||
| 中图分类: | C31-62 | |
| 科图分类: | ||
| 主题词: | 调查研究--手册 | |
| 电子资源: | ||
| ISBN: | 978-7-5019-6232-7 | |
| 000 | 01094nam0 2200265 450 | |
| 001 | 1553800618 | |
| 005 | 20150201145656.75 | |
| 010 | @a978-7-5019-6232-7@dCNY36.00 | |
| 100 | @a20080109d2008 em y0chiy50 ea | |
| 101 | 1 | @achi@ceng |
| 102 | @aCN@b110000 | |
| 105 | @ay z 000yy | |
| 200 | 1 | @a调查研究手册@9diao cha yan jiu shou ce@dThe survey research handbook@f(美)Pamela L. Alreck,(美)Robert B. Settle著@g王彦译@zeng |
| 210 | @a北京@c中国轻工业出版社@d2008 | |
| 215 | @a309页@d23cm | |
| 306 | @a与美国麦格劳-希尔教育(亚洲)出版公司合作出版 | |
| 330 | @a本书用平实的语言、生动的案例详细介绍了调查研究中常用的概念、方法和过程,将一个真实有效的调查项目所需的所有原理、技术和活动集合在一起,使读者可以快速、有效的查阅从事一项调查所需要的所有信息。 | |
| 510 | 1 | @aSurvey research handbook@zeng |
| 606 | 0 | @a调查研究@j手册 |
| 690 | @aC31-62@v5 | |
| 701 | 0 | @c(美)@a阿尔瑞克@9a er rui ke@c(Alreck, Pamela L.)@4著 |
| 701 | 0 | @c(美)@a塞特尔@9sai te er@c(Settle, Robert B.)@4著 |
| 702 | 0 | @a王彦@9wang yan@c(心理学)@4译 |
| 801 | 0 | @aCN@bTSSF@c20150201 |
| 905 | @aZUCC@dC31-62@eJY1 | |
| 调查研究手册=The survey research handbook/(美)Pamela L. Alreck,(美)Robert B. Settle著/王彦译.-北京:中国轻工业出版社,2008 |
| 309页;23cm |
| ISBN 978-7-5019-6232-7:CNY36.00 |
| 本书用平实的语言、生动的案例详细介绍了调查研究中常用的概念、方法和过程,将一个真实有效的调查项目所需的所有原理、技术和活动集合在一起,使读者可以快速、有效的查阅从事一项调查所需要的所有信息。 |
| ● |
| 相关链接 |
|
|
|
|
正题名:调查研究手册
索取号:C31-62/JY1
 
预约/预借
| 序号 | 登录号 | 条形码 | 馆藏地/架位号 | 状态 | 备注 |
| 1 | 7857135 | 278571350 | 学院路分馆/ [索取号:C31-62/JY1] | 在馆 |